Mathematics for high school; intermediate mathematics (part 1) /
Guardado en:
| Formato: | Libro |
|---|---|
| Publicado: |
:
Yale University,
1959
|
| Materias: | |
| Etiquetas: |
Agregar Etiqueta
Sin Etiquetas, Sea el primero en etiquetar este registro!
|
| LEADER | 00465nam a22001575a 4500 | ||
|---|---|---|---|
| 001 | CEM.cems000089 | ||
| 005 | 20060209000000.0 | ||
| 008 | 130507s1959##################000#0#####d | ||
| 003 | CEMS | ||
| 082 | 0 | 4 | |a 510 |
| 245 | 0 | 0 | |a Mathematics for high school; intermediate mathematics (part 1) / |
| 260 | |a : |b Yale University, |c 1959 | ||
| 300 | |a 240 | ||
| 500 | |a School mathematics study group | ||
| 653 | |a Matematica | ||
| 859 | |a CEMS |b BIB. CEMS - 11 de abril |h 510 |i M42/1 |p 11479.82 |t Ej.1 | ||
